000 00785nam a22002897a 4500
001 5317
003 FISKH
005 20241126085140.0
008 241126b cb ||||| |||| 00| 0 eng d
020 _a0307619397
040 _aFISKH
_beng
_cFISKH
_dFISKH
050 _aPZ7.M462
082 _a152.4
100 _aMayer, Mercer
_d(1943-)
245 _aI was so mad /
_cBy Mercer Mayer
250 _aPublished in 1983
260 _aNew York :
_bGolden Book,
_c1983.
300 _a23 pages :
_bColor illustrations ;
_c21 cm
505 _aJ
520 _aA child tries a variety of ways to dissolve anger.
521 8 _a430L
_bLexile
521 8 _aJ
_bRaz-Plus
650 _2Feelings
_aFiction
650 _2Little Critter
_aFamily
942 _2ddc
_cBK
_n0
999 _c5317
_d5317